Регионална библиотека "Любен Каравелов" - Русе

Метро 2033 (Запис номер 494960)

MARC детайли
000 -Лидер
Контролно поле с фиксирана дължина 01359nam a2200301 c 4500
003 - Код на организацията, давaща контролен номер
Контролно поле BLK
005 - Дата и час на последна редакция
Контролно поле 20250726101705.0
008 - Елементи от данни с фиксирана дължина
fixed length control field 180411b bul|||||r ||||||| ||bul||
020 ## - Международен стандартен номер на книга ISBN
Международен стандартен номер на книга ISBN 9789542822127
040 ## - Източник на каталожния запис
Идентификатор на билиотеката - собственик на записа BLK
041 ## - Код за език
Код за езика на текст/звукозапис или на отделно заглавие Български
Код за езика КДБФ Български
080 ## - УДК
Текстов определител УДК Руска литература
УДК код - определител по УДК 821.161.1
УДК определител -312.9
УДК - код + определител 821.161.1-312.9
100 1# - Редна дума - Автор
Автор Глуховски, Дмитрий Алексеевич
Авторска отговорност първи автор
R(LIN) 300426
139 ## - Редно поле
Редна дума Глуховски, Дмитрий Алексеевич
Авторски знак Глу - Г 56
245 10 - Сведения за заглавието
Заглавие Метро 2033
Подзаглавни данни Роман
Редно поле (дума) Дмитрий Алексеевич Глуховски; прев. от рус. Васил Константинов Велчев.
250 ## - Област на изданието
Сведения за изданието 2. изд.
260 ## - Област на издателските данни
Име на издателя, разпространителя и проч. Сиела Норма
Година на издаване 2016
Печатница София : Алианс принт
Място на издаване, разпространение и проч. София
300 ## - Физическа характеристика
Страници 591 с.
Размери/Мащаб 21 см
380 ## - Жанр
Жанр Худож. лит.
500 ## - Общи забележки
Забележка Ориг. загл. Метро 2033 / Дмитрий Глуховский.<br/>Апокалипсисът на Дмитрий Глуховски / Елена Кондратьева: с. 578-591<br/>1. изд. 2008
700 1# - Други автори (авторска отговорност)
Лично име Велчев, Васил Константинов
Автороска отговорност (Описва отношението между автора и произведението) прев. от рус.
9 (RLIN) 367601
856 4# - Електронен адрес и достъп
Електронен формат pdf - файл
856 4# - Електронен адрес и достъп
Електронен формат pdf - файл
942 ## - АРТИКУЛИ
Вид на библиотечния материал Книги
Скрит в OPAC Не
Koha issues (borrowed), all copies 18
944 ## - СЪЗДАВАНЕ И РЕДАКЦИЯ на ЗАПИСА
Дата на регистрацията/редакция Диана Гривева
Служител, извършил регистрацията/редакцията 30550
Статус, дата на статуса Кети Илиева
999 ## - СИСТЕМНИ КОНТРОЛНИ НОМЕРА
Koha biblionumber 494960
Koha biblioitemnumber 494960
999 ## - СИСТЕМНИ КОНТРОЛНИ НОМЕРА
Koha biblioitemnumber 494960
999 ## - СИСТЕМНИ КОНТРОЛНИ НОМЕРА
Koha biblioitemnumber 186069
Наличности
Код за отписване Код за изгубен артикул Източник на класификационната схема Код за повреда Код за отдаване Артикулен № Име на библиотеката - собственик Име на библиотеката, в която се намира в момента Статус (Текущо местоположение) Дата на вписване в системата Местоположение - отдел Цена в лева Инвентарен номер Систематично азбучна сигнатура Баркод Цена в евро Служебен тип на артикула
  Не е изгубен Universal Decimal Classification Не е повреден заемане за дома 933797 Регионална библиотека "Любен Каравелов" Русе Регионална библиотека "Любен Каравелов" Русе Заемна - подръчен фонд 2023-10-02 Заемна - подръчен фонд 16.90 120000892964 821.161.1-31/Г 56 Д 120000892964 8.64 Книги
Vip Innovations Ltd, Rousse, Bulgaria 2025